The lady of the Lotus Rup Mati Queen of Mandu (Record no. 2598)
[ view plain ]
| 000 -LEADER | |
|---|---|
| fixed length control field | 00588 a2200169 4500 |
| 020 ## - INTERNATIONAL STANDARD BOOK NUMBER | |
| Terms of availability | 150.00 |
| 035 ## - SYSTEM CONTROL NUMBER | |
| System control number | B-24307 |
| 037 ## - SOURCE OF ACQUISITION | |
| Source of stock number/acquisition | R P-ZLS-CH-74 / NCP-00-01:275 / RP-00-01:ENG |
| 082 14 - DEWEY DECIMAL CLASSIFICATION NUMBER | |
| Classification number | S |
| 090 ## - LOCALLY ASSIGNED LC-TYPE CALL NUMBER (OCLC); LOCAL CALL NUMBER (OCLC) | |
| -- | 2641 |
| -- | 2641 |
| 100 1# - MAIN ENTRY--PERSONAL NAME | |
| Personal name | Ahmad-ul-Umri |
| 245 1# - TITLE STATEMENT | |
| Title | The lady of the Lotus Rup Mati Queen of Mandu |
| Remainder of title | a strange tale of faithfulness |
| Statement of responsibility, etc | Ahmad-ul-Umri;translated by L.M. Crump |
| 260 ## - PUBLICATION, DISTRIBUTION, ETC. (IMPRINT) | |
| Place of publication, distribution, etc | New Delhi |
| Name of publisher, distributor, etc | Rupa |
| Date of publication, distribution, etc | 2000 |
| 300 ## - PHYSICAL DESCRIPTION | |
| Extent | xii, 100 p |
| Other physical details | photos |
| Dimensions | 20 cm (pbk) |
| 942 ## - ADDED ENTRY ELEMENTS (KOHA) | |
| Institution code [OBSOLETE] | dpl |
| Koha item type | English Books |
| Call number prefix | S / AHM |
| Withdrawn status | Lost status | Source of classification or shelving scheme | Damaged status | Not for loan | Collection code | Home library | Current library | Cost, normal purchase price | Total Checkouts | Full call number | Barcode | Date last seen | Copy number | Uniform Resource Identifier | Cost, replacement price | Price effective from | Koha item type |
|---|---|---|---|---|---|---|---|---|---|---|---|---|---|---|---|---|---|
| Dewey Decimal Classification | Ordered | Fiction | Sarojini Nagar | Sarojini Nagar | 150.00 | S | B-24307 | 15/09/2008 | 1 | 2781 | 150.00 | 15/09/2008 | English Books |
